Tutti i Cantanti e Rapper Italiani (+300) - Statistics

Statistiche generali
  • Questo quiz è stato fatto 973 volte
    971 dall'ultimo reset
  • Il punteggio medio è 81 su 325
Statistiche sulle risposte
Iniziale Nome Artista % Corretto
A ANNA
85%
G Guè
79%
S Sfera Ebbasta
77%
M Marracash
75%
L Lazza
71%
T Tony Effe
70%
G Geolier
67%
A Annalisa
66%
F Fabri Fibra
65%
S Shiva
65%
J J-AX
63%
G Giorgia
60%
A Achille Lauro
59%
G Ghali
59%
E Emma
58%
F Fabrizio Moro
58%
T Tony Boy
58%
S Salmo
57%
T Tedua
57%
B Baby Gang
56%
J Jake La Furia
56%
O Olly
56%
A Artie 5ive
55%
E Elodie
55%
G Gemitaiz
55%
R Rkomi
55%
C Capo Plaza
54%
E Emis Killa
54%
K Kid Yugi
54%
E Ernia
53%
M Mahmood
53%
A Arisa
52%
B BLANCO
52%
M Marco Mengoni
51%
L Laura Pausini
50%
R Rondodasosa
50%
V Vasco Rossi
50%
A Angelina Mango
49%
R Rose Villain
49%
B Bresh
48%
L Luchè
48%
M Måneskin
48%
T thasup
48%
G Gianni Morandi
47%
S Simba La Rue
47%
U Ultimo
47%
M Madame
46%
G Gigi D'alessio
44%
L Ligabue
44%
T Tiziano Ferro
44%
A Adriano Celentano
43%
A Al bano
43%
A Alfa
43%
C Coez
43%
I Irama
43%
J Jovanotti
43%
R Rocco Hunt
43%
G Gaia
42%
M MadMan
42%
P Pinguini Tattici Nucleari
42%
C Cesare Cremonini
41%
N Nek
41%
N Nitro
41%
P Papa V
41%
I Il Tre
40%
I Izi
40%
M Max Pezzali
40%
M Mina
40%
M Max Gazzè
39%
N Nayt
39%
T Tananai
39%
B Baby K
38%
C Clementino
38%
E Eros Ramazzotti
38%
M Massimo Ranieri
38%
N Nerissima Serpe
38%
Z Zucchero
38%
E Ermal Meta
37%
F Franco126
37%
C Claudio Baglioni
36%
L Lucio Corsi
36%
M Massimo Pericolo
36%
N Negramaro
36%
N Noyz Narcos
36%
A Alessandra Amoroso
35%
C Clara
35%
F Francesco Gabbani
35%
O Orietta Berti
35%
P Paky
35%
C Caparezza
34%
C chiello
34%
F Fiorella Mannoia
34%
F Francesco Renga
34%
M Modà
34%
O Ornella Vanoni
34%
T The Kolors
34%
C Calcutta
33%
F Frah Quintale
33%
I Il Volo
33%
A Antonello Venditti
32%
C Coma_Cose
32%
F Francesca Michielin
32%
G Giorgio Vanni
32%
M Mara Sattei
32%
N Neffa
32%
S Side Baby
32%
F Fred De Palma
31%
M Marco Carta
31%
R Raf
31%
B Brunori Sas
30%
P Pyrex
30%
R Rosa Chemical
30%
S Sangiovanni
30%
S Shade
30%
S Simone Cristicchi
30%
G Gazzelle
29%
G Gianna Nannini
29%
W Will
29%
A Ariete
28%
A Articolo 31
28%
F Fabio Rovazzi
28%
R Rhove
28%
R Ricchi e Poveri
28%
W Willie Peyote
28%
B BigMama
27%
D Diodato
27%
G Giusy Ferreri
27%
M Marco Masini
27%
P Pooh
27%
U Umberto Tozzi
27%
A Andrea Bocelli
26%
A Anna Tatangelo
26%
D Dargen D'amico
26%
L LA SAD
26%
M Morgan
26%
A Anna Oxa
25%
M MamboLosco
25%
S Sarah Toscano
25%
A Aka 7even
24%
A Astro
24%
D Damiano David
24%
K Ketama126
24%
L LDA
24%
L Levante
24%
T Tommaso Paradiso
24%
T Tormento
24%
B bnkr44
23%
C Chiara
23%
D DrefGold
23%
M Marcella Bella
23%
M Mr.Rain
23%
R Renato Zero
23%
S Serena Brancale
23%
B Bugo
22%
M Malika Ayane
22%
N Niky Savage
22%
R Romina Power
22%
T Thegiornalisti
22%
W Wayne
22%
B Benji & Fede
21%
L Lorenzo Fragola
21%
M Mondo Marcio
21%
V Villabanks
21%
A Anastasio
20%
D Dani Faiv
20%
F Francesco De Gregori
20%
M Mostro
20%
P Patty Pravo
20%
V Valerio Scanu
20%
B Boro Boro
19%
D Donatella Rettore
19%
I Iva Zanicchi
19%
M Manuel Agnelli
19%
M Michele Bravi
19%
N Neima Ezza
19%
P PSICOLOGI
19%
R Roberto Vecchioni
19%
T Taxi B
19%
E Elio e le Storie Tese
18%
F Fulminacci
18%
G Gino Paoli
18%
R Riccardo Cocciante
18%
S SapoBully
18%
A Alex Britti
17%
B Beba
17%
C Colapesce
17%
D Ditonellapiaga
17%
G Gianluca Grignani
17%
I Irene Grandi
17%
L Le Vibrazioni
17%
P Piero Pelù
17%
S Sal Da Vinci
17%
V Vaz Tè
17%
Z Zero Assoluto
17%
E Edoardo Bennato
16%
E Ensi
16%
H Hell Raton
16%
N Nina Zilli
16%
P Pupo
16%
C Chadia
15%
C Cugini di Campagna
15%
D Diss Gacha
15%
J Joshua
15%
L La Rappresentante di Lista
15%
L Lorella Cuccarini
15%
N Niccolò Fabi
15%
S Silent Bob
15%
A Aiello
14%
B Bello Figo
14%
C Cristina D'avena
14%
D Dimartino
14%
E Enrico Nigiotti
14%
F Federica Carta
14%
J Jalisse
14%
J Joan Thiele
14%
N Nerone
14%
N Nino D'Angelo
14%
S Sacky
14%
V Vale Pain
14%
F Fausto Leali
13%
I Il Pagante
13%
L Leo Gassmann
13%
L Lo Stato Sociale
13%
L Luca Carboni
13%
N NASKA
13%
N Nesli
13%
P Povia
13%
C Carmen Consoli
12%
L Loretta Goggi
12%
M Mecna
12%
M Mida
12%
M M¥SS KETA
12%
D Daniele Silvestri
11%
D Disme
11%
E Elmatadormc7
11%
F Fasma
11%
I Inoki
11%
M Michele Zarrillo
11%
N Negrita
11%
N Niko Pandetta
11%
R Riccardo Fogli
11%
R Riki
11%
S Samuel
11%
S Samuele Bersani
11%
V Vacca
11%
B Briga
10%
C Cristiano Malgioglio
10%
D Dolcenera
10%
I Ivana Spagna
10%
L Liberato
10%
M Matia Bazar
10%
M Murubutu
10%
T Tosca
10%
V Venerus
10%
B Bianca Atzei
9%
G gIANMARIA
9%
G Gigliola Cinquetti
9%
H Holden
9%
J Jamil
9%
N Nada
9%
N Nicola Siciliano
9%
R Random
9%
S Santi Francesi
9%
S Slings
9%
E Enzo Dong
8%
G Ghemon
8%
G Giaime
8%
G Gianni Bismark
8%
J Junior Cally
8%
L Leon Faun
8%
L Luca Barbarossa
8%
M Motta
8%
S Sethu
8%
A Axos
7%
D Don Pero
7%
H Highsnob
7%
I Icy Subzero
7%
M Maninni
7%
M Mannarino
7%
M Medy
7%
M Mietta
7%
A Angelo Branduardi
6%
B Bambole Di Pezza
6%
B Baustelle
6%
F Finley
6%
F Frankie Hi-nrg
6%
G Giorgio Poi
6%
G Giovanni Caccamo
6%
M Matteo Romano
6%
N Nello Taver
6%
P Paolo Conte
6%
P Petit
6%
Q Quentin40
6%
S Speranza
6%
C Colla Zio
5%
G Gio Evan
5%
K Kid Lost
5%
L Lorenzo Licitra
5%
L Ludwig
5%
S Spender
5%
C Cara
4%
D Dari
4%
G Giovanni Truppi
4%
L Lodovica Comello
4%
M Margherita Vicario
4%
M Matteo Bocelli
4%
M Matteo Paolillo
4%
R Raphael Gualazzi
4%
S Syria
4%
T Tancredi
4%
F Finesse
3%
F Fuckyourclique
3%
J J Lord
3%
M Mobrici
3%
M Mudimbi
3%
S Simone Panetti
3%
T Tony Colombo
3%
L Lil Busso
2%
R Radical
2%
R Red Canzian
2%
D Danien
1%
G G.bit
1%
R Roshelle
1%
S Samuel Heron
1%
T Tenth Sky
1%
Nessun quiz corrispondente trovato
Distribuzione punteggi
Percentuale di utenti per punteggio
Percentile per numero di risposta
I tuoi punteggi nel tempo
Non hai fatto questo quiz dall'ultimo reset